1989 1670 1419 1262 1992 1159 1760 1436 1290 1987 1643 1201 1465 1539 1587 1543 1455 1457 1129 1895 1935 1789 1612 1175 1671 1198 1328 1755 1035 1389 1422 1198 1144 1751 1373 1394 1701 1001 1407 1214 1338 1393 1812 1459 1442 1470 1781 1741 1322 1198 1138 1002 1776 1150 1181 1261 1778 1185 1803 1436 1493 1108 1574 1198 1340 1591 1990 1317 1598 1948 1833 1298 1864 1199 1128 1911 1542 1894 1867 1011 1489 1686 1196 1243 1470 1574 1400 1914 1355 1930 1749 1104 1858 1407 1090 1933 1021 1057 1621 BCNSPRNW ULIB Ver.6.0+V

เปลี่ยนเป็นภาษาไทย

Change to English
 แสดงรายละเอียดบรรณานุกรม
  กลับหน้าหลัก

Brief Record : Get Marc (ISO 2709) : E-mail record : QR code < ปิดหน้าต่าง
LEADER : 00000nam 2200000uu 4500
001    13399112213
003     ULIB
008    110627s2541||||th 000 0 tha d
060  4 WY85^bพ581ภ 2541
100 0  พูนพิลาศ โรจนสุพจน์
245 00 ภาพลักษณ์พยาบาลของสาธารณชน/^cพูนพิลาศ โรจนสุพจน์
260    เชียงใหม่ :^bมหาวิทยาลัยเชียงใหม่,^c2541
300    103 หน้า
650  7 พยาบาล^xจรรยาบรรณ^xวิจัย
650  7 พยาบาล^xจริยธรรม^xวิจัย
945    ^p0^l0^i013215
995    ทศพร
999 ^a ใช้งานได้ทุกระบบ
รายการนี้ยังไม่มีแท็ก
คุณยังไม่ได้ล็อกอิน คุณสามารถมีกิจกรรมร่วมกับเว็บไซต์ได้ แต่ต้องล็อกอินก่อน ::
  ล็อกอิน

รายการสื่อสารสนเทศ

ลำดับที่ ประเภท เลขเรียก/บาร์โค้ด สถานที่ สถานะ
- ไม่พบข้อมูล -

BibComment


ยังไม่เคยถูกคอมเมนท์

คอมเมนท์ทรัพยากรรายการนี้
  คอมเมนท์: ภาพลักษณ์พยาบาลขอ..


 Copyright 2026. Bcnsprnw @Library